La tierra es plana : (Registro nro. 2041)
[ vista simple ]
| 000 -LEADER | |
|---|---|
| fixed length control field | 00891nam a22002537a 4500 |
| 001 - CONTROL NUMBER | |
| control field | M |
| 003 - CONTROL NUMBER IDENTIFIER | |
| control field | DO-SdBHA |
| 005 - DATE AND TIME OF LATEST TRANSACTION | |
| control field | 20180228181839.0 |
| 008 - FIXED-LENGTH DATA ELEMENTS--GENERAL INFORMATION | |
| fixed length control field | 060209s2006 sp | ||| ||spa |
| 020 ## - INTERNATIONAL STANDARD BOOK NUMBER | |
| International Standard Book Number | 8427032226 |
| 040 ## - CATALOGING SOURCE | |
| Transcribing agency | DO-SDBHA |
| 082 ## - DEWEY DECIMAL CLASSIFICATION NUMBER | |
| Classification number | 303.48 F911 |
| 100 1# - MAIN ENTRY--PERSONAL NAME | |
| Personal name | Friedman, Thomas L. |
| 245 ## - TITLE STATEMENT | |
| Title | La tierra es plana : |
| Remainder of title | breve historia del mundo globalizado del siglo XXI / |
| Statement of responsibility, etc. | Thomas Friedman ; [Inés Belaustegui, traducción] |
| 260 ## - PUBLICATION, DISTRIBUTION, ETC. (IMPRINT) | |
| Place of publication, distribution, etc. | Madrid : |
| Name of publisher, distributor, etc. | Martínez Roca, |
| Date of publication, distribution, etc. | 2006 |
| 300 ## - PHYSICAL DESCRIPTION | |
| Extent | 495 páginas |
| 490 ## - SERIES STATEMENT | |
| Series statement | MR ahora |
| 504 ## - BIBLIOGRAPHY, ETC. NOTE | |
| Bibliography, etc | Incluye Índice |
| 650 #7 - SUBJECT ADDED ENTRY--TOPICAL TERM | |
| Topical term or geographic name as entry element | Localización -- Aspectos económicos |
| 650 #7 - SUBJECT ADDED ENTRY--TOPICAL TERM | |
| Topical term or geographic name as entry element | Sociedad de la información |
| 650 #7 - SUBJECT ADDED ENTRY--TOPICAL TERM | |
| Topical term or geographic name as entry element | Difusión de innovaciones. |
| 856 ## - ELECTRONIC LOCATION AND ACCESS | |
| Uniform Resource Identifier | <a href="https://bibliotecaunicaribe.files.wordpress.com/2016/08/friedman-thomas-la-tierra-es-plana-breve-historia-del-mundo-globalizacion-siglo-xxi.pdf">https://bibliotecaunicaribe.files.wordpress.com/2016/08/friedman-thomas-la-tierra-es-plana-breve-historia-del-mundo-globalizacion-siglo-xxi.pdf</a> |
| 942 ## - ADDED ENTRY ELEMENTS (KOHA) | |
| Source of classification or shelving scheme | Dewey Decimal Classification |
| Koha item type | Libros |
| Withdrawn status | Lost status | Source of classification or shelving scheme | Damaged status | Not for loan | Collection code | Home library | Current library | Shelving location | Date acquired | Inventory number | Total Checkouts | Full call number | Barcode | Date last seen | Copy number | Price effective from | Koha item type |
|---|---|---|---|---|---|---|---|---|---|---|---|---|---|---|---|---|---|
| Dewey Decimal Classification | Colección General | SIBM UNADE - Biblioteca Sede Central | SIBM UNADE - Biblioteca Sede Central | En estantería | 01/24/2018 | 18-01321 | 303.48 F911 2006 | 18-01321 | 10/06/2018 | e.1 | 01/24/2018 | Libros |
